| 000 | 00962nam0a2200301 4500 | ||
|---|---|---|---|
| 001 | RU\NLR\bibl\1484760 | ||
| 005 | 20250616010723.0 | ||
| 010 |
_a978-5-05-007201-6 _950000 |
||
| 021 |
_aRU _b2009-101200 _96439 |
||
| 035 | _a(NLR Aleph) 001476379 | ||
| 090 |
_a1675790 _c1675790 |
||
| 100 | _a20100315d2009 |||y0rusy50 ca | ||
| 101 | 1 |
_arus _ceng |
|
| 102 | _aRU | ||
| 105 | _ay ||||||||| | ||
| 200 | 1 |
_aЦарство искушения _eроман _fТриш Уайли _gпер. с англ. [И. Марковой] _gHarlequin |
|
| 210 |
_aМосква _cРадуга _d2009 |
||
| 215 |
_a142, [1] с. _d17 |
||
| 225 | 1 |
_aСерия Искушение _v252 |
|
| 225 | 1 | _aАрлекин | |
| 225 | 1 | _aВремя, подаренное себе | |
| 686 | _aШ6(4Вл)67-440.4{Лх1299-50} | ||
| 700 | 1 |
_aУайли _bТ. _gТриш _4070 |
|
| 801 | 0 |
_aRU _bNLR _c20100315 _gRCR |
|
| 801 | 1 |
_aRU _bNLR _c20100315 |
|
| 942 | _cBOOK | ||
| 980 | _aNB | ||